000 00639nam a2200217 4500
001 2803
005 20230410130542.0
008 060907n1991 dr spa
020 _a0240800877
035 _9funglode2813
041 _aEN
050 1 4 _aPN 1992.3 M425d 1991
100 _aMatelski, Marilyn J
245 1 _aDaytime television programming /
_cMarilyn J. Matelski
260 _aBoston :
_bFocal Press,
_c1991
300 _aix, 82 p.
440 _aElectronic media guides
650 4 _aProgramas de televisión -- Estados Unidos
650 4 _aTeledifusión -- Estados Unidos -- Administración
942 _2lcc
_cbk
999 _c75990
_d75990